00772cam a22002418i 45000010009000000050017000090080041000260200018000670400013000850820023000981000019001212450085001402500013002252600045002383000027002835000020003106500016003307000024003467000024003709420007003949990019004019520110004201789359620180329104426.0130920s2015 nyu 001 0 eng  a9789814714501 cPK-LaUMT00a657.046223bHOY-A1 aHoyle, Joe Ben10aAdvanced accounting /cJoe B. Hoyle, Thomas F. Schaefer, and Timothy S. Doupnik a12th ed. aNew York :bMcGraw-Hill Education,c2015 axxiii, 904 p. ;c29 cm aIncludes index. 0aAccounting.1 aSchaefer, Thomas F.1 aDoupnik, Timothy S. cBK c104067d104067 00104070a01b01d2018-03-29l3o657.046 HOY-Ap120367r2022-09-22 00:00:00s2020-02-19w2018-03-29yBK